Statistics for Dallas Mavericks 2017-18 Roster

Click here to take the quiz!

General Stats

  • This quiz has been taken 62 times
    (58 since last reset)
  • The average score is 9 of 18

Answer Stats

Nbr Post Player % Correct
41ForwardDirk Nowitzki
98%
40ForwardHarrison Barnes
84%
5GuardJ.J. Barea
70%
1GuardDennis Smith Jr.
70%
30GuardSeth Curry
70%
23Guard-ForwardWesley Matthews
68%
7Forward-CenterDwight Powell
68%
13ForwardDorian Finney-Smith
66%
-Head CoachRick Carlisle
57%
50CenterSalah Mejri
55%
42ForwardMaxi Kleber
52%
34GuardDevin Harris
52%
11GuardYogi Ferrell
43%
3CenterNerlens Noel
39%
13ForwardJosh McRoberts
14%
55ForwardJohnathan Motley
7%
8GuardGian Clavell
7%
17CenterJeff Withey
7%

Score Distribution

Percentile by Number Answered

Percent of People with Each Score

Your Score History

You have not taken this quiz since the last reset